000 00375 a2200121 4500
001 ART_52653
005 20260410162029.0
008 260409a
245 1 0 _aHacia la tutela efectiva de la salud de las personas mayores
100 1 _aCofré, Noelia M.
700 1 _aRossi, Jorge O.
773 0 _tTemas de derecho procesal
_g- N° 6 (jun. 2021)
_wREV44095
999 _c33799
_d33799